000 00279nam a2200121Ia 4500
100 _aKhan/ MY./ Jain/P.K.
942 _cBK
654 _aFinancial management
245 _aFinancial Management
260 _bTata Mc Graw hill
_aNew Delhi
_c1992
546 _aENGLISH
999 _c28285
_d28285